LIBRARY & INFORMATION CENTRE, KCAET, TAVANUR

ONLINE PUBLIC ACCESS CATALOGUE (OPAC)

Communications engineering / (Record no. 1398)

MARC details
000 -LEADER
fixed length control field 00419cam a2200169ua 4500
003 - CONTROL NUMBER IDENTIFIER
control field OSt
008 - FIXED-LENGTH DATA ELEMENTS--GENERAL INFORMATION
fixed length control field 250108b |||||||| |||| 00| 0 eng d
041 ## - LANGUAGE CODE
Language code of text/sound track or separate title eng
082 ## - DEWEY DECIMAL CLASSIFICATION NUMBER
Classification number 621.382
Item number EVE/CO
100 ## - MAIN ENTRY--AUTHOR NAME
Personal name Everitt, W.L.
245 ## - TITLE STATEMENT
Title Communications engineering /
250 ## - EDITION STATEMENT
Edition statement 3 /
260 ## - PUBLICATION, DISTRIBUTION, ETC. (IMPRINT)
Place of publication New York :
Name of publisher Mc Graw Hill Book Company ,
Year of publication 1956.
300 ## - PHYSICAL DESCRIPTION
Number of Pages 644 ; .
700 1# - ADDED ENTRY--PERSONAL NAME
Personal name Anner, G.E.
942 ## - ADDED ENTRY ELEMENTS (KOHA)
Koha item type Books
Holdings
Withdrawn status Lost status Damaged status Home library Current library Date acquired Full call number Accession Number Koha item type
      KAUAET KAUAET 07/04/2012 621.382 EVE/CO 10915 Books
free website counter